La Diversidad biológica como opción de desarrollo para Centroamérica: perspectivas para su conservación /

Պահպանված է:
Մատենագիտական մանրամասներ
Հիմնական հեղինակ: Solís R, Vivienne
Այլ հեղինակներ: Madrigal Cordero, Patricia
Ձևաչափ: Տեքստ
Ցուցիչներ: Ավելացրեք ցուցիչ
Չկան պիտակներ, Եղեք առաջինը, ով նշում է այս գրառումը!

MARC

LEADER 00000 a a2200000 04500
001 7402
003
040
100 |a Solís R, Vivienne  
245 |a La Diversidad biológica como opción de desarrollo para Centroamérica: perspectivas para su conservación /  |c Vivienne Solís R 
700 |a Madrigal Cordero, Patricia  
773 |g número 11; páginas 31-40  
999 |c 20895  |d 20895